000 00456nmm a2200145Ia 4500
008 251105s9999||||xx |||||||||||||||||und||
041 _aspa
100 _aDíaz Klaassen, Francisco
245 0 _aDe cuando conocí a Salas (y me rompió el corazón)
264 _a[Santiago de Chile, Chile] :
_bPatagonia,
_c2012
300 _a25 páginas
650 _aLatin American narrative
856 _uhttps://public.digitaliapublishing.com/a/23656
942 _cCF
999 _c104660
_d104660